Able, gifted and talented underachievers /

Bibliographic Details
Other Authors: Montgomery, Diane
Format: eBook
Language:English
Published: Chichester ; Malden, Mass. : Wiley-Blackwell, 2009.
Edition:2nd ed.
Series:Wiley Online Library.
Subjects:
Online Access:Connect to the full text of this electronic book

MARC

Tag First Indicator Second Indicator Subfields
LEADER 00000cam a2200000La 4500
001 in00002784626
005 20210728125003.0
006 m o d
007 cr cn|||||||||
008 081114s2009 enka ob 001 0 eng d
019 |a 554891421 
020 |a 0470741244 (electronic bk.) 
020 |a 0470741252 (electronic bk.) 
020 |a 9780470741245 (electronic bk.) 
020 |a 9780470741252 (electronic bk.) 
020 |z 0470740973 (hbk.) 
020 |z 0470779403 (pbk.) 
020 |z 9780470740972 (hbk.) 
020 |z 9780470779408 (pbk.) 
035 |a (OCoLC)647831904  |z (OCoLC)554891421 
035 |a (OCoLC)ocn647831904 
035 |a 4038461 
040 |a E7B  |b eng  |c E7B  |d CDX  |d CEF  |d OCLCQ  |d N$T  |d YDXCP  |d EBLCP  |d IDEBK  |d SHH  |d OCLCQ  |d REDDC  |d OCLCQ  |d TXA  |d UtOrBLW 
043 |a e-uk--- 
049 |a TXAM 
050 4 |a LC3969  |b .A25 2009eb 
072 7 |a EDU  |x 001000  |2 bisacsh 
082 0 4 |a 371.2/8  |2 22 
245 0 0 |a Able, gifted and talented underachievers /  |c edited by Diane Montgomery. 
250 |a 2nd ed. 
264 1 |a Chichester ;  |a Malden, Mass. :  |b Wiley-Blackwell,  |c 2009. 
300 |a 1 online resource (xiv, 356 pages) :  |b illustrations 
336 |a text  |b txt  |2 rdacontent 
337 |a computer  |b c  |2 rdamedia 
338 |a online resource  |b cr  |2 rdacarrier 
500 |a Electronic resource. 
500 |a Revised edition of: Able underachievers. 
504 |a Includes bibliographical references and index. 
505 0 |a Why do the gifted and talented underachieve? : How can masked and hidden talents be revealed? / Diane Montgomery -- Literacy, flexible thinking and underachievement / Joan Freeman -- What do we mean by an 'enabling curriculum' that raises achievement for all learners? : An examination of the TASC problem-solving framework : thinking actively in a social context / Belle Wallace -- How can inclusive and inclusional understandings of gifts/talents be developed educationally? / Jack Whitehead and Marie Huxtable -- Effective teaching and learning to combat underachievement / Diane Montgomery -- Changing the teaching for the underachieving able child : the Ruyton School experience / Lee Wills and John Munro -- Understanding and overcoming underachievement in women and girls : a reprise / Carrie Winstanley -- Understanding and overcoming boys' underachievement / Barry Hymer -- Improving the quality of identification, provision and support for gifted and talented learners from under-represented communities through partnership working / Ian Warwick -- Gifted and talented children with special educational needs : underachievement in dual and multiple exceptionality / Diane Montgomery -- Using assistive technologies to address the written expression needs of the twice-exceptional student / William F. Morrison, Tara Jeffs, and Mary G. Rizza -- Case studies of three schools tackling underachievement / Diane Montgomery. 
588 |a Description based on print version record. 
650 0 |a Gifted children  |x Education  |z Great Britain.  |0 http://id.loc.gov/authorities/subjects/sh2009125926 
650 0 |a School failure  |z Great Britain. 
650 0 |a Underachievers  |z Great Britain. 
650 7 |a EDUCATION  |x Administration  |x General.  |2 bisacsh 
655 7 |a Electronic books.  |2 local 
700 1 |a Montgomery, Diane.  |0 http://id.loc.gov/authorities/names/n88201367 
730 0 |a Able underachievers. 
776 0 8 |i Print version:  |t Able, gifted and talented underachievers.  |b 2nd ed.  |d Chichester ; Malden, Mass. : Wiley-Blackwell, 2009  |w (DLC) 2008049822 
830 0 |a Wiley Online Library. 
856 4 0 |u http://proxy.library.tamu.edu/login?url=https://dx.doi.org/10.1002/9780470741252  |z Connect to the full text of this electronic book  |t 0 
948 |a cataloged  |b h  |c 2012/12/14  |d c  |e jlanham  |f 10:06:32 am 
994 |a C0  |b TXA 
999 |a MARS 
999 f f |s 20127306-20e7-3c1d-9691-ccd8dbf2baae  |i 6792e6de-a81f-3e0c-aa4c-0c9d58f1b192  |t 0 
952 f f |a Texas A&M University  |b College Station  |c Electronic Resources  |d Available Online  |t 0  |e LC3969 .A25 2009eb  |h Library of Congress classification 
998 f f |a LC3969 .A25 2009eb  |t 0  |l Available Online